000 00760nam a2200253Ia 4500
003 GCL
008 140319s9999 xx 000 0 ara d
040 _aGCL /
_cGCL
082 0 4 _a398.209
_bج ح
100 1 _aجمال محمد احمد
245 1 0 _aحكايات من النوبة /
_cجمال محمد احمد
700 1 _aعبدالحميد يونس (ترجمة وتقديم)
260 _a[S.N] :
_bالهيئة المصرية العامة للكتاب ،
_c1987
300 _a151 ص
490 _a
650 0 4 _aالفولكلور
650 0 4 _aالادب الشعبى
650 0 4 _aالتنجيم
650 0 4 _aالنوبة
650 0 4 _aالاساطير
650 0 4 _aالخرافة
650 0 4 _aالتعاويذ
942 _2ddc
_cBK
999 _c29038
_d29038